Search the Library Catalogue
| 000 -LEADER | |
|---|---|
| fixed length control field | 00787nam a2200229Ia 4500 |
| 008 - FIXED-LENGTH DATA ELEMENTS--GENERAL INFORMATION | |
| fixed length control field | 191130s2003##################000#0#eng## |
| 020 ## - INTERNATIONAL STANDARD BOOK NUMBER | |
| ISBN | 9780262621922 |
| 082 ## - DEWEY DECIMAL CLASSIFICATION NUMBER | |
| Classification number | HM851 .D54 2003 302.23/4 |
| 245 ## - TITLE STATEMENT | |
| Title | Digital media revisited : theoretical and conceptual innovation in digital domains |
| Statement of responsibility, etc | edited by Gunnar Liestøl, Andrew Morrison, and Terje Rasmussen |
| 260 ## - PUBLICATION, DISTRIBUTION, ETC. (IMPRINT) | |
| Place of publication | Cambridge, MA |
| Name of publisher | MIT Press |
| Year of publication | c2003 |
| 300 ## - PHYSICAL DESCRIPTION | |
| Number of Pages | xv, 554 p. : ill. ; 24cm |
| 500 ## - GENERAL NOTE | |
| General note | Includes bibliographical references and index |
| 650 ## - SUBJECT ADDED ENTRY--TOPICAL TERM | |
| Topical Term | Digital media - Social aspects |
| 700 ## - ADDED ENTRY--PERSONAL NAME | |
| Personal name | Liestøl, Gunnar |
| Personal name | Morrison, Andrew |
| Personal name | Rasmussen, Terje |
| 991 ## - | |
| -- | 394868 |
No items available.